Fyzika : pro distanční přípravný kurz. (Část 1.), Mechanika /

Hlavní autor: Kopečný, Jan, 1942-
Korporativní autor: Vysoká škola báňská - Technická univerzita Ostrava
Jazyk: Čeština
Vydáno: Ostrava : Vysoká škola báňská - Technická univerzita Ostrava, 1996
Vydání: 1. vyd.
Témata:
Fyzický popis: 51 s. : il. ; 29 cm
Knihy
Uloženo v:
LEADER 01181nam a2200289 a 4500
001 000222437
003 CZ BrMZK
005 19970923143423.0
008 970923s1996 xr f cze d
015 |a cnb000287194 
020 |a 80-7078-350-8 
035 |a (OCoLC)38455969 
040 |a BOA001  |b cze 
080 |a 53(076.5)  |2 MRF 
100 1 |a Kopečný, Jan,  |d 1942-  |7 jn20001005740  |4 aut 
245 1 0 |a Fyzika :  |b pro distanční přípravný kurz.  |n (Část 1.),  |p Mechanika /  |c Jan Kopečný 
246 3 0 |a Mechanika 
250 |a 1. vyd. 
260 |a Ostrava :  |b Vysoká škola báňská - Technická univerzita Ostrava,  |c 1996 
300 |a 51 s. :  |b il. ;  |c 29 cm 
500 |a Určeno pro uchazeče o studium FMMI, FS, HGF, FEI, distanční studium Vys. šk. báňské - Tech. univ. v Ostravě 
653 0 |a fyzika 
710 2 |a Vysoká škola báňská - Technická univerzita Ostrava  |7 kn20010709483 
910 |a BOA001  |b TK-A-0261.149,1 
990 |a BK 
996 7 |b 2620008220  |c TK-A-0261.149/1  |l MZK  |r Sklad / do 24 hodin  |n 2  |p kup  |w 000222437  |u 000010  |a 1  |e BOA001  |j MZK50  |s A 
996 7 |b 2620008221  |c TK-A-0261.149/1  |l MZK  |r Sklad / do 24 hodin  |n 2  |p kup  |w 000222437  |u 000020  |a 1  |e BOA001  |j MZK50  |s A